Cuentos completos [de Philip K. Dick] /
Збережено в:
| Автор: | |
|---|---|
| Інші автори: | , , , |
| Формат: | Книга |
| Мова: | Іспанська |
| Опубліковано: |
Barcelona, España :
Minotauro,
c2020-2021
|
| Серія: | (Biblioteca Philip K. Dick)
|
| Предмети: | |
| Теги: |
Немає тегів, Будьте першим, хто поставить тег для цього запису!
|
MARC
| LEADER | 00000nam^a2200000^a^4500 | ||
|---|---|---|---|
| 001 | 000578279 | ||
| 005 | 20250521000000.0 | ||
| 009 | 20260310132506.183 | ||
| 020 | |a 978-607-07-6666-4 | ||
| 020 | |a 978-607-07-6919-1 | ||
| 020 | |a 978-607-07-7264-1 | ||
| 037 | |a Acervo ITESO - Biblioteca | ||
| 041 | |a ESP | ||
| 082 | |a 813. |b DIC | ||
| 100 | |a Dick, Philip K. |e (autor) | ||
| 245 | 1 | 0 | |a Cuentos completos [de Philip K. Dick] / |c P.K. Dick ; pról. de S.O. Godersky ; introd. de R. Zelazny, N. Spinrad, J. Brunner ; tr. por E. Murillo. |
| 264 | 4 | |a Barcelona, España : |b Minotauro, |c c2020-2021 | |
| 300 | |a 3 v. (651, 695, 635 p.) | ||
| 336 | |a texto |b txt |2 rdacontenido | ||
| 337 | |a sin mediación |b n |2 rdamedio | ||
| 338 | |a volumen |b nc |2 rdasoporte | ||
| 440 | 1 | |a (Biblioteca Philip K. Dick) | |
| 500 | |a Traducción de: Beyond Lies the Wub. Volume One of the Collected Stories | ||
| 500 | |a Traducción de: Second Variety. Volume Two of the Collected Stories | ||
| 500 | |a Traducción de: The Father Thing. Volume Three of the Collected Stories | ||
| 521 | |a FIL 2023 DIA | ||
| 545 | 0 | |a Philip Kindred Dick (1928-1982), más conocido como Philip K. Dick, fue un prolífico escritor y novelista estadounidense de ciencia ficción, que influyó notablemente en dicho género: más de una veintena de sus obras han sido adaptadas en películas de Hollywood. Trató temas como la sociología, la política y la metafísica en futuros distópicos, así como la metafísica y la teología. Sus historias futuristas están repletas de protagonistas no tanto heroicos, pero que reflejan el sufrimiento y determinación de la propia experiencia de vida del autor. Con todo, sigue siendo un escritor al que se le desdeña por una supuesta baja calidad literaria, por ser más un generador de ideas brillantes que de prosa inmortal. Entre sus obras se encuentran: Lotería solar (1955); El hombre en el castillo (1962); Los tres estigmas de Palmer Eldritch (1965); Ubik (1969); Una mirada a la oscuridad (1972); SIVAINVI (1972) y La transmigración de Timothy Archer (1982). | |
| 649 | |a XX | ||
| 650 | |a Cuentos Norteamericanos | ||
| 650 | |a Literatura de Ciencia-Ficción - |z EUA | ||
| 650 | |a Literatura Norteamericana - |y Siglo XX | ||
| 700 | |a Godersky, Steven Owen |e (prólogo) | ||
| 700 | |a Zelazny, Roger |e (introducción) | ||
| 700 | |a Spinrad, Norman |e (introducción) | ||
| 700 | |a Murillo, Eduardo |e (traducción) | ||
| 910 | |a Fondo General | ||
| 920 | |a Impresos - Libros | ||
| 930 | |a Colección General | ||
| 940 | |a Literatura | ||
| 905 | |a 101 | ||
| 901 | |a 0500403221 |b IT1 |c LIT |i C184200 |u 20250521 | ||
| 901 | |a 0500403227 |b IT1 |c LIT |i C184202 |u 20250521 | ||
| 901 | |a 0500403222 |b IT1 |c LIT |i C184208 |u 20250521 | ||
| 902 | |a https://opac.biblio.iteso.mx/vufind/Record/000578279 | ||